LIBRARY & INFORMATION CENTRE, KCAET, TAVANUR

ONLINE PUBLIC ACCESS CATALOGUE (OPAC)

Method of measurement of building and civil engineering works. Part-9 roof covering,IS:1200-1973 (Record no. 4587)

MARC details
000 -LEADER
fixed length control field 00909cam a2200145ua 4500
041 ## - LANGUAGE CODE
Language code of text/sound track or separate title eng
082 ## - DEWEY DECIMAL CLASSIFICATION NUMBER
Classification number 69.003
Item number IND/ME
245 00 - TITLE STATEMENT
Title Method of measurement of building and civil engineering works. Part-9 roof covering,IS:1200-1973
260 ## - PUBLICATION, DISTRIBUTION, ETC. (IMPRINT)
Place of publication New Delhi :
Name of publisher Indian Standards Institution ,
Year of publication 1988.
300 ## - PHYSICAL DESCRIPTION
Number of Pages 9 ; .
942 ## - ADDED ENTRY ELEMENTS (KOHA)
Koha item type Books
Holdings
Withdrawn status Lost status Damaged status Home library Current library Date acquired Full call number Accession Number Koha item type
      KAUAET KAUAET 07/04/2012 69.003 17299 Books
free website counter